000
00276nam a2200097Ia 4500
001
642022
005
20250826153518.0
008
250824s9999 xx 000 0 und d
245
0
_a
KALBİMİN EFENDİSİ 3 PEYGAMBERİZİN MEDİNE DÖNEMİ
_c
SALİH SURUÇ
260
_b
GENÇ TİMAŞ
999
_c
642022
_d
642022